| 000 | 01318nam a22003137a 4500 | ||
|---|---|---|---|
| 005 | 20240530110918.0 | ||
| 008 | 220518s2008 ua g b 001 0 ara d | ||
| 017 |
_a2008/4254 _bمصر. دار الكتب |
||
| 020 | _a9789771805495 | ||
| 040 |
_aEG-CaGPL _cEG-CaGPL |
||
| 082 | 0 | 4 |
_221 _a330.1/ _bب م |
| 100 | 1 | _aبوليو، بول لروا | |
| 245 | 1 | 2 |
_aالموجز فى علم الاقتصاد / _cتاليف بول لروا يوليو ؛ تعريب حافظ ابراهيم، خليل مطران ؛ تقديم محمود محيى الدين |
| 250 | _aط.1 | ||
| 260 |
_aالقاهرة : _bالهيئة العامة لدار الكتب و الوثائق القومية ، _c2008. |
||
| 300 |
_a138 ص. ؛ _c24 سم. |
||
| 504 | _aيشتمل على ارجاعات ببليوجرافية | ||
| 650 | 0 | 7 |
_2qrmak _aالاقتصاد |
| 650 | 0 | 7 |
_2qrmak _aالاحوال الاقتصادية |
| 650 | 0 | 7 |
_2qrmak _aالتنمية الاقتصادية |
| 650 | 0 | 7 |
_2qrmak _aالاقتصاد _xنظريات |
| 650 | 0 | 7 |
_2qrmak _aالاقتصاد _xمذاهب |
| 651 | _2qrmak | ||
| 700 | 0 |
_aحافظ ابراهيم _eمترجم |
|
| 700 | 0 |
_aخليل مطران _eمترجم |
|
| 700 | 0 |
_aمحمود محيى الدين _eمقدم |
|
| 942 |
_2ddc _cBK |
||
| 999 |
_c66439 _d66439 |
||